000
00193nam a2200085 4500
001
1257566
005
20260217103647.0
245
_a
yoksa sen misin?
_c
gülten dayıoğlu
260
_b
altın kitaplar
999
_c
1257566
_d
1257566